[Event "Plzen op 11th"]
[Site "Plzen"]
[Date "2023.03.11"]
[Round "9"]
[White "Vlk, Miloslav"]
[Black "Nagrocki, Marek"]
[Result "1-0"]
[WhiteElo "1945"]
[BlackElo "1734"]
[PlyCount "73"]
[EventDate "2023.03.04"]
[EventType "swiss"]
[EventRounds "9"]
[EventCountry "CZE"]
[SourceTitle "CBM 213 Extra"]
[Source "ChessBase"]
[SourceDate "2023.05.31"]
[SourceVersion "1"]
[SourceVersionDate "2023.05.31"]
[SourceQuality "1"]

1. c4 g6 2. Nc3 Bg7 3. g3 Nc6 4. Bg2 d6 5. e3 e5 6. Nge2 Bg4 7. 0-0 Nge7 8. h3 Be6 9. Nd5 Qd7 10. Qb3 Rb8 11. Qa4 0-0 12. Nxe7+ Nxe7 13. Qxd7 Bxd7 14. d4 b5 15. c5 b4 16. Rd1 dxc5 17. dxc5 Bb5 18. Kf1 f5 19. Ke1 Rfd8 20. Rxd8+ Rxd8 21. Bd2 e4 22. Bxb4 Bxb2 23. Rb1 Be5 24. Bc3 Bxc3+ 25. Nxc3 Bc4 26. Rb7 Rd3 27. Nxe4 fxe4 28. Bxe4 Ra3 29. Rxc7 Kf8 30. Rb7 Bxa2 31. c6 Be6 32. Kd2 a5 33. Rb8+ Nc8 34. c7 Rb3 35. Bd5 Bxd5 36. Rxc8+ Kg7 37. Rb8 1-0

[Event "Plzen op 11th"]
[Site "Plzen"]
[Date "2023.03.08"]
[Round "6"]
[White "Nagrocki, Marek"]
[Black "Turner, Radek"]
[Result "1-0"]
[WhiteElo "1734"]
[BlackElo "1993"]
[PlyCount "93"]
[EventDate "2023.03.04"]
[EventType "swiss"]
[EventRounds "9"]
[EventCountry "CZE"]
[SourceTitle "CBM 213 Extra"]
[Source "ChessBase"]
[SourceDate "2023.05.31"]
[SourceVersion "1"]
[SourceVersionDate "2023.05.31"]
[SourceQuality "1"]

1. b3 e5 2. Bb2 Nc6 3. e3 Nf6 4. Bb5 Bd6 5. Na3 Na5 6. Nc4 Nxc4 7. Bxc4 e4 8. f3 Qe7 9. fxe4 Qxe4 10. Nf3 Qg6 11. 0-0 b5 12. Bxb5 Bb7 13. Bd3 Qg4 14. h3 Qg3 15. Qe1 Ne4 16. Bxe4 Bxe4 17. Qxg3 Bxg3 18. d3 Bf5 19. e4 Be6 20. Bxg7 Rg8 21. Bd4 d6 22. Kh1 c5 23. Bf2 Bf4 24. d4 cxd4 25. Bxd4 a5 26. c4 a4 27. Nh4 Bd2 28. Nf5 Bxf5 29. Rxf5 axb3 30. axb3 Rxa1+ 31. Bxa1 Rg3 32. Rf3 Rg5 33. Bf6 Ra5 34. Rd3 Bf4 35. g4 Kd7 36. Kg2 Ke6 37. Kf3 Bc1 38. Bd4 h5 39. Bf2 hxg4+ 40. hxg4 Ra2 41. Be1 Rh2 42. Bg3 Rd2 43. Rd5 Rxd5 44. cxd5+ Ke7 45. e5 dxe5 46. Bxe5 Ba3 47. Ke4 1-0